000 00564nam a2200181Ia 4500
003 OSt
005 20250116155740.0
008 210210b1943 xxu||||| |||| 00| 0 eng d
040 _cAL
041 _akan
082 _a854/14
100 _aKRASHNARAYA (A N)
_9162369
_dಕೃಷ್ಣರಾಯ (ಅ ನ ಕೃ)
245 _aVirashaiva sahitya mattu samskrati:
_bವೀರಶೈವ ಸಾಹಿತ್ಯ ಮತ್ತು ಸಂಸ್ಕ್ರತಿ
260 _aBengaluru
_b-
_c1943
690 _aKannada Criticism
_9162370
906 _a019865
942 _2ddc
_cBK
999 _c144015
_d144015